00951nam a2200253Ia 4500001000700000003000500007008004100012010001100053020005600064040000900120082001700129245016300146260004200309300000900351500009000360503004100450504002700491650003100518650002500549650003000574700003300604700003100637700002900668Z_2873CHAP220113s1987 xx 000 0 und d a165949 a84-200-0587-8 (obra completa) \ 84-200-0588-6 (v.2) cCHAP a636.0895 F37 aFarmacología y terapéutica veterinaria /cDirector de la publicacion Nicholas H Booth y Leslie E. McDonald; traducción Felix Infante Miranda...[et al.] aZaragoza, España :bAcribia,c1987 a2 v. aTraducción de la obra en inglés: Veterinary pharmacology and therapeutics, 5a ed. aej.1 v.1: PERDIDO \ ej.1 v.2: 194055 aIncluye bibliografía aFarmacología veterinaria aMedicina veterinaria aTerapéutica veterinaria a Infante Miranda, Felix, tr. a Mcdonald, Leslie E., ed.  aBooth, Nicholas H., ed.